[Event "Parsvnath ch-Commonwealth"]
[Site "New Delhi IND"]
[Date "2007.12.06"]
[Round "6"]
[White "Patil,Pr2"]
[Black "Hamid,R"]
[Result "1-0"]
[WhiteElo "1947"]
[BlackElo "2189"]

1.e4 c5 2.Nf3 Nc6 3.d4 cxd4 4.Nxd4 Qc7 5.Nb5 Qb8 6.c4 Nf6 7.N5c3 e6 8.Be2 Be7
9.Be3 b6 10.f4 d6 11.O-O O-O 12.Nd2 Bb7 13.Bf3 Rd8 14.a3 Qc7 15.b4 Rac8 16.Rc1 Qb8
17.Qe2 Bf8 18.g4 Nd7 19.h4 Ne7 20.Qg2 a5 21.Qf2 axb4 22.axb4 Bc6 23.b5 Ba8
24.Na4 Nc5 25.Nxc5 dxc5 26.Ra1 Bb7 27.f5 Qe5 28.Bg2 exf5 29.gxf5 Ra8 30.Bf4 Qc3
31.Rac1 Qb2 32.Rb1 Qd4 33.Be3 Qe5 34.Bf4 Qd4 35.Be3 Qd7 36.h5 Ra2 37.Rbd1 Nc8
38.e5 Bxg2 39.Qxg2 Qd3 40.Qf3 Qc2 41.f6 g6 42.e6 fxe6 43.f7+  1-0

[Event "Parsvnath ch-Commonwealth"]
[Site "New Delhi IND"]
[Date "2007.12.08"]
[Round "8"]
[White "Soumya,Sw"]
[Black "Wohl,A"]
[Result "1/2-1/2"]
[WhiteElo "2244"]
[BlackElo "2415"]

1.e4 c5 2.Nf3 Nc6 3.d4 cxd4 4.Nxd4 Qb6 5.Nb3 Nf6 6.Nc3 e6 7.a3 Be7 8.Bf4 O-O
9.Bd6 Ng4 10.Bg3 Nge5 11.f4 Ng6 12.Bf2 Qc7 13.g3 a6 14.h4 b5 15.h5 Nh8 16.Bg2 f6
17.Qe2 Nf7 18.O-O Rb8 19.Nd5 exd5 20.exd5 Nce5 21.fxe5 fxe5 22.Nd4 Bf6 23.Nf5 d6
24.Be3 Qc4 25.Qd1 e4 26.b3 Qc7 27.Rb1 Bxf5 28.Rxf5 Rbe8 29.Qe2 Qc3 30.Rbf1 Bd4
31.Bxd4 Qxd4+ 32.Kh2 e3 33.Bh3 g6 34.Rxf7 Rxf7 35.Be6 Rxe6 36.dxe6 Rf5 37.hxg6 hxg6
38.Rxf5 gxf5 39.Qh5 Qf6 40.Qe8+ Qf8 41.Qg6+ Qg7 42.Qe8+ Qf8 43.Qg6+ Qg7 44.Qe8+  1/2-1/2

[Event "TCh-HUN 2007-8"]
[Site "Budapest HUN"]
[Date "2007.12.09"]
[Round "4"]
[White "Videki,S"]
[Black "Krizsany,L jr"]
[Result "1-0"]
[WhiteElo "2420"]
[BlackElo "2456"]

1.e4 c5 2.Nf3 Nc6 3.d4 cxd4 4.Nxd4 Qb6 5.Nb3 Nf6 6.Nc3 e6 7.Bd3 a6 8.Qe2 d6
9.f4 Qc7 10.Bd2 Be7 11.O-O-O b5 12.Rhe1 b4 13.Na4 Bd7 14.Be3 Rb8 15.Kb1 Nd8
16.e5 Bxa4 17.exf6 Bxf6 18.g4 h6 19.h4 Bxh4 20.Rh1 Be7 21.g5 Nc6 22.Qg4 Bf8
23.Qh3 Bb5 24.f5 e5 25.Be4 a5 26.f6 g6 27.gxh6 Bc4 28.Qg2 Nd8 29.Nxa5 Bxa2+
30.Kxa2 Qxa5+ 31.Kb1 Qc7 32.Rd5 Ne6 33.Rhd1 Bxh6 34.Rh1 g5 35.Qd2 Qd8 36.Rxd6 Qxf6
37.Bc5 Rc8 38.Bc6+ Rxc6 39.Rxc6 Qd8 40.Qxd8+ Kxd8 41.Rd1+  1-0

[Event "TCh-HUN 2007-8"]
[Site "Budapest HUN"]
[Date "2007.12.16"]
[Round "5"]
[White "Nemeth,Mi1"]
[Black "Berczes,C"]
[Result "1/2-1/2"]
[WhiteElo "2439"]
[BlackElo "2419"]

1.e4 c5 2.Nf3 Nc6 3.d4 cxd4 4.Nxd4 Qc7 5.Nc3 e6 6.Be3 a6 7.Bd3 b5 8.O-O Bb7
9.Qe2 Be7 10.f4 b4 11.Na4 Nf6 12.Nb3 d6 13.Rac1 Nd7 14.c3 Qd8 15.cxb4 Nxb4
16.Bb1 O-O 17.a3 Nc6 18.e5 dxe5 19.Rxc6 Bxc6 20.Qc2 Nf6 21.Qxc6 exf4 22.Bxf4 Qd5
23.Qc2 Rac8 24.Nc3 Qh5 25.Qd3 a5 26.Rf3 Rfd8 27.Qf1 Ng4 28.h3 Ne5 29.Re3 Nc4
30.Re1 Nxb2 31.g4 Qh4 32.Ne4 Qxe1 33.Qxe1 Rd1 34.Qxd1  1/2-1/2

[Event "7th Amplico AIG Life"]
[Site "Warsaw POL"]
[Date "2007.12.16"]
[Round "12"]
[White "Zinchenko,Ya"]
[Black "Kogan,Ar"]
[Result "0-1"]
[WhiteElo "2491"]
[BlackElo "2590"]

1.e4 c5 2.Nf3 Nc6 3.d4 cxd4 4.Nxd4 Qc7 5.Nc3 e6 6.Be2 a6 7.O-O Nf6 8.Be3 Bb4
9.Na4 O-O 10.Nxc6 bxc6 11.f4 Rb8 12.Bd3 Be7 13.c4 d6 14.Kh1 c5 15.Qc2 Nd7
16.Rae1 Bb7 17.Nc3 Rfe8 18.Ne2 Bc6 19.b3 Qb7 20.Ng3 Bh4 21.Bd2 Bxg3 22.hxg3 e5
23.Kg1 Nf8 24.f5 f6 25.Ba5 h6 26.Qd2 Nh7 27.Bc2 Ng5 28.Qxd6 Nxe4 29.Bxe4 Bxe4
30.Rf2 Rbc8 31.g4 Bc6 32.Rd2 Kh7 33.Re3 Re7 34.g5 Rd7 35.Qe6 Re7 36.Qd6 Rd7
37.Qe6 Re7 38.g6+ Kh8 39.Qxc8+ Qxc8 40.Rd8+ Qxd8 41.Bxd8 Rd7 42.Bb6 Rd2 43.Bxc5 Rxg2+
44.Kf1 Rd2 45.b4 h5 46.Ra3 Be4 47.Rxa6 Rd8 48.b5 Bxf5 49.b6 Bxg6 50.Kf2 Be4
51.Ra7 Rc8 52.Ra5 h4 53.Rb5 Bb7 54.a4 Rd8 55.Rb3 Rd2+ 56.Ke1 Rc2 57.a5 Rxc4
58.Bf2 Ra4 59.Rc3 Ra1+ 60.Kd2 Rxa5 61.Rc7 Ra2+ 62.Ke3 Ra3+ 63.Kd2 Bg2 64.b7 Bxb7
65.Rxb7 h3 66.Rb1 g5 67.Ke2 Kg7 68.Be3 Kg6 69.Rg1 Kf5 70.Rf1+ Ke4 71.Bd2 h2
72.Rh1 Rh3 73.Kf2 g4 74.Kg2 Kd3 75.Be1 f5 76.Bg3 f4 77.Bxh2 f3+ 78.Kf2 g3+
79.Kxf3 gxh2+ 80.Kg2 Rh7 81.Rd1+ Ke2 82.Rh1 e4 83.Kg3 e3 84.Kg2 Rg7+ 85.Kh3 Kf2
86.Rxh2+ Kf3 87.Rh1  0-1

[Event "4th SICC Masters"]
[Site "Singapore SIN"]
[Date "2007.12.19"]
[Round "6"]
[White "Fernandez,Dan SIN"]
[Black "Tahmankar,M"]
[Result "1/2-1/2"]
[WhiteElo "2102"]
[BlackElo "2141"]

1.e4 c5 2.Nf3 Nc6 3.d4 cxd4 4.Nxd4 Qc7 5.Nc3 e6 6.Be3 a6 7.Bd3 Nf6 8.Nxc6 bxc6
9.O-O d5 10.exd5 cxd5 11.Re1 Bd6 12.Bd4 Bb7 13.g3 Kf8 14.f4 Bc5 15.Bf1 Qb6
16.Ne2 h5 17.h3 Ne4 18.c3 g5 19.Bxc5+ Qxc5+ 20.Qd4 Qxd4+ 21.cxd4 gxf4 22.gxf4 Rc8
23.Rac1 Kg7 24.Bg2 Nd6 25.Kf2 Nf5 26.b4 Rxc1 27.Rxc1 Rc8 28.Rc5 Rc6 29.Bf1 Rb6
30.a3 Bc6 31.h4 Bb5 32.Bh3 Nxh4 33.Ng3 Kg6 34.Ke3 Rd6 35.Rc8 Rc6 36.Rg8+ Kh7
37.Rg5 Rc3+ 38.Kd2 Rd3+ 39.Kc2 Nf3 40.Rxh5+ Kg7 41.Kb2 Nxd4 42.Rg5+ Kf6 43.Bf1 Rb3+
44.Ka2 Bxf1 45.Nxf1 Rf3 46.Rg1 Rf2+ 47.Kb1 Nb5 48.Ng3 Nxa3+ 49.Kc1 Rc2+ 50.Kd1 Rb2
51.Nh5+ Ke7 52.Rg3 Nc4 53.f5 exf5 54.Nf4 Kd6 55.Rg7 Ne5 56.Rg5 Rxb4 57.Rxf5 Rd4+
58.Kc2 a5 59.Ne2 Rc4+ 60.Kb1 a4 61.Rf6+ Kc5 62.Rf5 Re4 63.Nc3 Rc4 64.Nxa4+ Rxa4
65.Rxe5 Rf4 66.Re8 Kc4 67.Ra8 Rf2 68.Kc1 f5 69.Kd1 Kd3 70.Ra3+ Ke4 71.Ke1 Rb2
72.Ra8 f4 73.Re8+ Kd3 74.Rf8 Ke3 75.Re8+ Kf3 76.Rd8 Rb1+ 77.Kd2 Kf2 78.Rxd5 f3
79.Rf5 Rb7 80.Rf8 Rd7+ 81.Kc2 Ke2 82.Re8+ Kf1 83.Rg8 f2 84.Rg5 Rd4 85.Kc3 Re4
86.Kd2 Re2+ 87.Kd1 Re4 88.Kd2 Rd4+ 89.Kc3 Ke2 90.Re5+  1/2-1/2

[Event "37th Rilton Cup"]
[Site "Stockholm SWE"]
[Date "2007.12.28"]
[Round "2"]
[White "Frisk,E"]
[Black "Niemi,M"]
[Result "0-1"]
[WhiteElo "2109"]
[BlackElo "2188"]

1.e4 c5 2.Nf3 Nc6 3.d4 cxd4 4.Nxd4 Qb6 5.Nb3 Nf6 6.Nc3 e6 7.Bd3 a6 8.Be3 Qc7
9.f4 d6 10.Qf3 Be7 11.O-O-O O-O 12.g4 b5 13.g5 Nd7 14.Kb1 Bb7 15.Qh3 Nb4
16.Rhg1 Nxd3 17.cxd3 Rfc8 18.Rc1 Nc5 19.Nxc5 dxc5 20.f5 Qd7 21.f6 Bf8 22.Ka1 b4
23.Nd5 Bxd5 24.exd5 Qxd5 25.Rc4 Qxd3 26.Rgc1 Ra7 27.Rxb4 c4 28.Rb3 cxb3 29.Rxc8 Ra8
30.Rc3 Qd1+ 31.Rc1 Rd8 32.Qh4 Qe2 33.Qe1 Qxh2 34.axb3 Qe5 35.Qf2 Qb5 36.Qc2 Rd3
37.fxg7 Bxg7 38.Qc8+ Bf8 39.Bc5 Qa5+ 40.Kb1 Rd8 41.Qc6 Bxc5 42.Rxc5 Rd1+
43.Rc1 Rd5 44.b4 Qxb4 45.Qxa6 Rxg5 46.Qa8+ Kg7 47.Rc3 h5 48.Rc8 Qe1+ 49.Rc1 Qd2
50.Qe4 Qd5 51.Qe3 Rg4 52.Qc3+ Qd4 53.Qh3 h4 54.Rc3 Rg1+ 55.Ka2 Qa4+ 56.Ra3 Qc4+
57.b3 Qc2+  0-1

[Event "ch-Reykjavik"]
[Site "Reykjavik ISL"]
[Date "2008.01.13"]
[Round "4"]
[White "Jonsson,Ol"]
[Black "Hauksson,H"]
[Result "0-1"]
[WhiteElo "1924"]
[BlackElo "1708"]

1.e4 c5 2.Nf3 Nc6 3.d4 cxd4 4.Nxd4 Qc7 5.Nc3 e6 6.Be2 a6 7.O-O Nf6 8.Be3 b5
9.a3 Bb7 10.f4 d6 11.Bf3 Be7 12.Kh1 Rc8 13.g4 Na5 14.g5 Nc4 15.Bc1 Nd7 16.Bg2 O-O
17.b3 Nxa3 18.Rxa3 Qxc3 19.b4 Qxb4 20.Rh3 Rfe8 21.Be3 Nf8 22.Qh5 Qc4 23.f5 e5
24.Ne6 fxe6 25.f6 gxf6 26.gxf6 Bxf6 27.Rxf6 Bxe4 28.Qf7+ Kh8 29.Bh6 Bxg2+
30.Kxg2 Qxc2+ 31.Rf2 Qg6+ 32.Rg3 Qxf7 33.Rxf7 Ng6 34.Kf1 b4 35.h4 Re7 36.Rf2 Rec7
37.Rfg2 Re8 38.h5 Nf4 39.Bg7+ Rxg7  0-1

[Event "ASEAN Masters Circuit GMB"]
[Site "Tarakan INA"]
[Date "2008.01.14"]
[Round "6"]
[White "Sukandar,I"]
[Black "Ardiansyah,H"]
[Result "0-1"]
[WhiteElo "2266"]
[BlackElo "2409"]

1.e4 c5 2.Nf3 Nc6 3.d4 cxd4 4.Nxd4 Qc7 5.Nc3 e6 6.Be2 Nf6 7.O-O a6 8.Be3 Bb4
9.Na4 Rb8 10.c4 Bd6 11.Kh1 Nxe4 12.Bf3 Nf6 13.Nf5 Bf8 14.Re1 b5 15.cxb5 axb5
16.Nc3 b4 17.Na4 h5 18.Bxc6 Ng4 19.f4 dxc6 20.Qf3 Nxe3 21.Nxe3 Be7 22.Rac1 O-O
23.f5 Qa5 24.b3 exf5 25.Qxh5 g6 26.Qf3 Bg5 27.Rc5 Qd8 28.Nc4 Be6 29.Ne5 Bd5
30.Qd1 Bf4 31.Nd3 Bd6 32.Rxd5 cxd5 33.Qf3 d4 34.Nab2 Re8 35.Rd1 Qh4 36.g3 Qe4
37.Kg2 Ra8  0-1

[Event "6th Parsvnath Open"]
[Site "New Delhi IND"]
[Date "2008.01.15"]
[Round "4"]
[White "Narayanan,Sr"]
[Black "Ganguly,S"]
[Result "0-1"]
[WhiteElo "2210"]
[BlackElo "2579"]

1.e4 c5 2.Nf3 Nc6 3.d4 cxd4 4.Nxd4 Qc7 5.Nc3 e6 6.f4 d6 7.Be3 Nf6 8.g4 h6
9.Be2 Nd7 10.Qd2 a6 11.O-O-O Nxd4 12.Bxd4 b5 13.Rhe1 Bb7 14.Bf3 Nc5 15.Qe3 b4
16.Nd5 exd5 17.exd5+ Kd7 18.g5 Qa5 19.Bxc5 Qxc5 20.Rd4 a5 21.b3 Ba6 22.g6 f5
23.Be2 Qc3 24.Bd3 Kc7 25.Bxa6 Qxe3+ 26.Rxe3 Rxa6 27.Re8 Kd7 28.Rb8 Kc7 29.Re8 Kd7
30.Rb8 Ra7 31.Rd3 Kc7 32.Re8 Rb7 33.Rde3 Rb8 34.Rxb8 Kxb8 35.Re8+ Kc7 36.h4 h5
37.Ra8 Kd7 38.c3 bxc3 39.Kc2 Ke7 40.Rxa5 Kf6 41.Ra8 Kxg6 42.a4 Kf7 43.a5 g5
44.a6 gxh4 45.a7 h3 46.Rd8 h2 47.a8=Q h1=Q 48.Rd7+ Kg8 49.Qd8 Qe4+ 50.Kxc3 Qxf4
51.Kd3 Rh6 52.Qe8 Qe4+  0-1

[Event "ASEAN Masters Circuit GMB"]
[Site "Tarakan INA"]
[Date "2008.01.16"]
[Round "8"]
[White "Paragua,M"]
[Black "Ardiansyah,H"]
[Result "1-0"]
[WhiteElo "2521"]
[BlackElo "2409"]

1.e4 c5 2.Nf3 Nc6 3.d4 cxd4 4.Nxd4 Qc7 5.Nc3 e6 6.Be2 Nf6 7.O-O a6 8.Be3 Bb4
9.Na4 Rb8 10.c4 Bd6 11.f4 Nxe4 12.Bf3 Nf6 13.Nf5 exf5 14.Bb6 Qxb6+ 15.Nxb6 Bc5+
16.Kh1 Bxb6 17.Re1+ Kd8 18.b4 Bc7 19.b5 Na5 20.b6 Bxb6 21.Qd6  1-0

[Event "ch-Kyiv Men"]
[Site "Kyiv UKR"]
[Date "2008.01.21"]
[Round "3"]
[White "Zsiltzova Lisenko,L"]
[Black "Kalinkin,B"]
[Result "1-0"]
[WhiteElo "2294"]
[BlackElo "2223"]

1.e4 c5 2.Nf3 Nc6 3.d4 cxd4 4.Nxd4 Qc7 5.Nc3 e6 6.Be3 a6 7.Bd3 b5 8.f4 Bb7
9.Qf3 Nf6 10.O-O Nxd4 11.Bxd4 Bc5 12.Bxc5 Qxc5+ 13.Kh1 O-O 14.Qh3 Qh5 15.Qg3 d6
16.e5 dxe5 17.fxe5 Nd7 18.Rae1 Nc5 19.Rf4 Nxd3 20.cxd3 Rad8 21.h3 Qg6 22.Re3 Qxg3
23.Rxg3 Rd7 24.a4 Bc6 25.axb5 axb5 26.Ne4 Bxe4 27.Rxe4 Rfd8 28.Rb4 Rd5 29.Re3 Rc8
30.Kg1 Rc2 31.d4 Rd2 32.Rc3 g6 33.Rcb3 Kg7 34.Rxb5 R5xd4 35.Rb7 Rf4 36.Rg3 Rf5
37.Rb5 Re2 38.b4 Rfxe5 39.Rxe5 Rxe5 40.Kf2 Kf6 41.Rb3 Ke7 42.Ra3 Rb5 43.Ra7+ Kf6
44.Ra4 Ke5 45.Ke3 Kd5 46.Kd3 Rb7 47.Ra5+ Kc6 48.Kc4 Rd7 49.Ra8 Kc7 50.Re8 h5
51.Kb5 Rd5+ 52.Ka4 Rd7 53.Ka5 h4 54.b5 g5 55.Rg8 f6 56.Re8 e5 57.Rf8 Re7
58.Rxf6 e4 59.Rf2 e3 60.Re2 Re5 61.Kb4 Kb6 62.Kc4 Rxb5 63.Kd4 Rb3 64.Kd5 Kb5
65.Ke4 Kc5 66.Rc2+ Kd6 67.Ra2 Kc5 68.Rc2+ Kd6 69.Ra2 Kc5 70.Kf3 Kd4 71.Ra8 Ke5
72.Re8+ Kf5 73.Rf8+ Kg6 74.Ra8 Rb2 75.Ra6+ Kh5 76.g4+ hxg3 77.Kxg3 e2 78.Re6 Rb3+
79.Kg2 Rb2 80.Kf2 e1=Q+ 81.Kxe1 Rb3 82.Kf2 Rxh3 83.Kg2 Ra3 84.Re4 Kg6 85.Rb4 Kf5
86.Rc4 Re3 87.Kf2 Rb3 88.Kg2  1-0

[Event "IMB2"]
[Site "Marianske Lazne CZE"]
[Date "2008.01.22"]
[Round "4"]
[White "Nilsson,S"]
[Black "Schneider,Ve"]
[Result "1/2-1/2"]
[WhiteElo "2201"]
[BlackElo "2250"]

1.e4 c5 2.Nf3 Nc6 3.d4 cxd4 4.Nxd4 Qb6 5.Nb3 Nf6 6.Bd3 e6 7.O-O d5 8.Nc3 dxe4
9.Nxe4 Nxe4 10.Bxe4 Be7 11.Be3 Qc7 12.Qh5 Bf6 13.c3 Ne5 14.h3 Bd7 15.Nc5 g6
16.Qe2 Bc6 17.Bf4 Bxe4 18.Nxe4 Bg7 19.Rfe1 Qc6 20.Bg5 O-O 21.Nf6+ Bxf6 22.Bxf6 Nd7
23.Bh4 Rfe8 24.Rad1 e5 25.Rd2 Nb6 26.Red1 Rac8 27.Bg5 Qc4 28.Qxc4 Nxc4 29.Re2 Re6
30.Rd7 Nd6 31.f3 f6 32.Be3 a6 33.g4 b5 34.Ra7 Nc4 35.Bh6 Rd6 36.b3 Na5 37.f4 Nc6
38.Rxa6 exf4 39.Bxf4 Nd4 40.Bxd6 Nxe2+ 41.Kf2 Nxc3 42.Ke3 Re8+ 43.Kd4 Ne4
44.Bc7 Ng5 45.Kd5 f5 46.gxf5 gxf5 47.h4 Nf3 48.h5 Kf7 49.Bd6 Ng5 50.Ra7+ Kf6
51.Ra6 Kf7 52.Rb6 Ne4 53.Be5 Rd8+ 54.Kc6 Nf6 55.Rxb5 Nxh5 56.Bc7 Rd2 57.Rxf5+ Kg6
58.Ra5 Nf6 59.b4 Rc2+ 60.Kb7 h5 61.Bg3 Rg2 62.Be1 Re2 63.Bg3 Rg2 64.Be5 h4
65.Bxf6 Kxf6 66.Rh5 Rg4 67.b5 Kg6 68.Rh8 Kg7 69.Rc8 h3 70.Rc1 Ra4 71.b6 Rxa2
72.Kc8 Kg6 73.b7 Rb2 74.b8=Q Rxb8+ 75.Kxb8 Kf5 76.Kc7 Kf4 77.Kd6 h2 78.Ke6 Kg3
79.Kf5 Kg2 80.Kg4 h1=Q 81.Rc2+ Kf1  1/2-1/2

[Event "6th ch-PriFO Men"]
[Site "Kazan RUS"]
[Date "2008.01.23"]
[Round "1"]
[White "Khayrullin,D"]
[Black "Bitkinin,L"]
[Result "1-0"]
[WhiteElo "2382"]
[BlackElo "2128"]

1.e4 c5 2.Nf3 Nc6 3.d4 cxd4 4.Nxd4 Qc7 5.Nc3 e6 6.g3 a6 7.Bg2 Nf6 8.O-O Bc5
9.Nxc6 dxc6 10.Na4 Ba7 11.c4 b5 12.e5 Nd7 13.cxb5 axb5 14.Nc3 Rb8 15.Qg4 Kf8
16.Rd1 h5 17.Qh4 Ba6 18.Bf4 Bc5 19.Ne4 Be7 20.Bg5 Nxe5 21.Bxe7+ Qxe7 22.Qf4 f6
23.Rd6 h4 24.Rad1 Re8 25.g4 h3 26.Bf1 Rh4 27.f3 Kg8 28.Kh1 Bc8 29.Qg3 Ng6
30.Bxh3 c5 31.Nxc5 f5 32.gxf5 Nf4 33.Bf1 Nh5 34.Qe5 Rf4 35.fxe6 Qh4 36.Bg2 Rf5
37.Qe3 Nf4 38.Bf1 Rh5 39.R1d2  1-0

[Event "Winter Open"]
[Site "Belgrade SRB"]
[Date "2008.01.24"]
[Round "3"]
[White "Andrijevic,M"]
[Black "Damjanovic,D"]
[Result "0-1"]
[WhiteElo "2378"]
[BlackElo "2301"]

1.e4 c5 2.Nf3 Nc6 3.d4 cxd4 4.Nxd4 Qc7 5.Nc3 e6 6.Be2 a6 7.O-O Nf6 8.Kh1 Nxd4
9.Qxd4 Bc5 10.Qd3 b5 11.f4 Bb7 12.Bf3 h5 13.e5 Ng4 14.Bxb7 Qxb7 15.Ne4 Be7
16.Bd2 Rc8 17.Bc3 b4 18.Bd4 Nh6 19.c4 Nf5 20.Bf2 h4 21.h3 f6 22.exf6 gxf6
23.Rfe1 Kf7 24.b3 Qc6 25.Rad1 Rcd8 26.Qf3 d5 27.cxd5 Rxd5 28.Rc1 Qd7 29.Rc2 Rd3
30.Qe2 Qd5 31.Kh2 Bd6 32.Nxd6+ Qxd6 33.Qe4 Rd5 34.Rec1 Rd8 35.Rc6 Qe7 36.Rxa6 Rd2
37.Bc5 Qe8 38.Re1 Rd1 39.Ra7+ Kg6 40.Bf2 Rxe1 41.Bxe1 Rd4 42.Qb7 Qg8 43.Qf3 Qb8
44.Rb7 Qd6 45.Qg4+ Kh6 46.Kg1 Rd1  0-1

[Event "Winter Open"]
[Site "Belgrade SRB"]
[Date "2008.01.29"]
[Round "8"]
[White "Carnic,D"]
[Black "Damjanovic,D"]
[Result "1-0"]
[WhiteElo "2162"]
[BlackElo "2301"]

1.e4 c5 2.Nf3 Nc6 3.d4 cxd4 4.Nxd4 Qc7 5.Nc3 e6 6.Be2 a6 7.O-O Nf6 8.Bg5 Bc5
9.Nxc6 bxc6 10.Kh1 d5 11.Bxf6 gxf6 12.Na4 Bd6 13.exd5 cxd5 14.c4 Bb7 15.cxd5 Bxd5
16.Bf3 Rd8 17.Bxd5 Bf4 18.Nc3 exd5 19.Nxd5 Qc6 20.Qe2+ Be5 21.Nxf6+ Qxf6
22.f4 Rd5 23.fxe5 Qxe5 24.Qg4 h5 25.Qc8+ Rd8 26.Qc6+ Kf8 27.Rae1 Qd6 28.Qf3 Qd5
29.Qf6 Rg8 30.Qe7+ Kg7 31.Re5 Qd6  1-0

[Event "KNSB TCh-NED 2007-8"]
[Site "Netherlands NED"]
[Date "2008.02.09"]
[Round "6"]
[White "Ris,R"]
[Black "Middelburg,T"]
[Result "1-0"]
[WhiteElo "2386"]
[BlackElo "2389"]

1.e4 c5 2.Nf3 Nc6 3.d4 cxd4 4.Nxd4 Qc7 5.Nc3 e6 6.Be3 a6 7.Qd2 Nf6 8.O-O-O Bb4
9.f3 Ne7 10.Nde2 d5 11.Bg5 dxe4 12.Bxf6 gxf6 13.Qd4 Bxc3 14.Nxc3 Qf4+ 15.Kb1 Nc6
16.Qc5 exf3 17.gxf3 f5 18.Bc4 Bd7 19.Rhe1 b6 20.Qxb6 Qxc4 21.Nd5 Ra7 22.b3 Qh4
23.Qc5 Rf8 24.Qc3 Ne7 25.Nf6+ Kd8 26.Rd4 Qf2 27.Red1 Nd5 28.Nxd5 exd5 29.Qc5  1-0

[Event "KNSB TCh-NED 2007-8"]
[Site "Netherlands NED"]
[Date "2008.02.09"]
[Round "6"]
[White "Willemze,J"]
[Black "Van der Wiel,J"]
[Result "1/2-1/2"]
[WhiteElo "2414"]
[BlackElo "2490"]

1.e4 c5 2.Nf3 Nc6 3.d4 cxd4 4.Nxd4 Qb6 5.Nb3 Nf6 6.Nc3 e6 7.a3 Qc7 8.Be3 a6
9.f4 d6 10.Bd3 b5 11.g4 Bb7 12.g5 Nd7 13.Qd2 Nc5 14.Nd4 Nxd4 15.Bxd4 h6 16.Rg1 hxg5
17.Rxg5 e5 18.Bxc5 Qxc5 19.fxe5 dxe5 20.O-O-O O-O-O 21.Qe2 g6 22.Kb1 Bh6
23.Rg2 Kb8 24.Qf1 Bf4 25.a4 bxa4 26.Nxa4 Qa5 27.Nc3 Rd4 28.Qe1 Re8 29.Qh4 Rc8
30.Qe1 Re8 31.Ne2 Qxe1 32.Rxe1 Bxe4 33.Rf2 Rxd3 34.cxd3 Bxd3+ 35.Ka1 Bd2
36.Rd1 Be3 37.Rg2 e4 38.Nc3 Re5 39.Ka2 Kb7 40.Kb3 Bd4 41.Rg3 Bf2 42.Rh3 f5
43.Rh6 f4 44.Rxg6 f3 45.Rf6 Bd4 46.Rxd3 exd3  1/2-1/2

[Event "TCh-HUN 2007-8"]
[Site "Budapest HUN"]
[Date "2008.02.17"]
[Round "6"]
[White "Tatar Kis,S"]
[Black "Berczes,C"]
[Result "1/2-1/2"]
[WhiteElo "2375"]
[BlackElo "2419"]

1.e4 c5 2.Nf3 Nc6 3.d4 cxd4 4.Nxd4 Qc7 5.Nc3 e6 6.Be3 a6 7.Qd2 Nf6 8.O-O-O Bb4
9.f3 Ne7 10.Nde2 b5 11.Kb1 Ba5 12.Bf2  1/2-1/2

[Event "6th Festival Gp A"]
[Site "Nancy FRA"]
[Date "2008.02.19"]
[Round "3"]
[White "Landa,K"]
[Black "Miladinovic,I"]
[Result "1/2-1/2"]
[WhiteElo "2641"]
[BlackElo "2604"]

1.e4 c5 2.Nf3 Nc6 3.d4 cxd4 4.Nxd4 Qc7 5.Nc3 e6 6.Be3 a6 7.Qd2 Nf6 8.O-O-O Bb4
9.f3 Ne5 10.Nb3 b5 11.Qd4 Nc6 12.Qb6 Qxb6 13.Bxb6 h5 14.a4 Bxc3 15.axb5 Bxb2+
16.Kxb2 axb5 17.Bc7 O-O 18.Bd6 Rd8 19.Bxb5 Ba6 20.c4 Ne8 21.Bg3 Na5 22.Nxa5 Bxb5
23.Nb7 Ba4 24.Nxd8 Bxd1 25.Nxf7 Bxf3 26.Nh6+ Kh7 27.gxf3 Kxh6 28.Rd1 Ra7
29.Kb3 Nf6 30.c5 Ng8 31.Bd6 Kg6 32.Rd4  1/2-1/2

[Event "TCh-HUN 2007-8"]
[Site "Budapest HUN"]
[Date "2008.03.02"]
[Round "7"]
[White "Madl,I"]
[Black "Bagonyai,A"]
[Result "1/2-1/2"]
[WhiteElo "2381"]
[BlackElo "2371"]

1.e4 c5 2.Nf3 Nc6 3.d4 cxd4 4.Nxd4 Qc7 5.Nc3 e6 6.Be3 a6 7.Bd3 Nf6 8.O-O Nxd4
9.Bxd4 Bc5 10.Be2 d6 11.Bxc5 Qxc5 12.Qd3 O-O 13.Rad1 Rd8 14.a3 e5 15.Rd2 Be6
16.Rfd1  1/2-1/2

[Event "3rd l'Ouest Toulousain Open"]
[Site "Colomiers FRA"]
[Date "2008.03.02"]
[Round "9"]
[White "Mateo,Ra"]
[Black "Miladinovic,I"]
[Result "1-0"]
[WhiteElo "2484"]
[BlackElo "2604"]

1.e4 c5 2.Nf3 Nc6 3.d4 cxd4 4.Nxd4 Qc7 5.Nc3 e6 6.Nb3 a6 7.Bd3 b5 8.a3 Bb7
9.O-O Ne5 10.Qe1 Rc8 11.Kh1 h5 12.f3 h4 13.h3 Be7 14.Be3 Nf6 15.Qf2 Nh5 16.Bb6 Qb8
17.Ba7 Qa8 18.Rfd1 Rh6 19.Be3 Rg6 20.Na5 Qb8 21.Nxb7 Qxb7 22.Ne2 Bf6 23.Nf4 Nxf4
24.Bxf4 Qc7 25.Qd2 Qc6 26.c3 Nc4 27.Bxc4 bxc4 28.Bd6 Qb5 29.a4 Qc6 30.Qf2 Bd8
31.a5 Rh6 32.Rd2 Rh5 33.e5 f6 34.f4 Kf7 35.Rad1 Kg8 36.Bb4 fxe5 37.Qe2 Rf5
38.Rxd7 Bf6 39.R1d6 Qa4 40.fxe5 Bxe5 41.Rd8+ Rxd8 42.Rxd8+ Kh7 43.Rd1 Bg3
44.Bd6 e5 45.Bc5 Qc6 46.Bg1 e4 47.Rd4 Re5 48.Rxc4 Qg6 49.Rc5 Re6 50.Rh5+ Kg8
51.Qc4 Qf7 52.Be3 Bd6 53.Rxh4 Qf6 54.Rg4 Kh7 55.b4 Be7 56.Rf4 Qg6 57.Rf1 Bd6
58.g4 Be7 59.Rf5 Rc6 60.Qxe4 Bg5 61.Bxg5 Re6 62.Qf3 Re1+ 63.Kg2 Qe6 64.Bh4 Re3
65.Rh5+ Kg8 66.Qd5  1-0

[Event "58th ch-RUS w 1st liga"]
[Site "Smolensk RUS"]
[Date "2008.03.03"]
[Round "6"]
[White "Petrova,O"]
[Black "Kharmunova,N"]
[Result "1-0"]
[WhiteElo "2102"]
[BlackElo "2170"]

1.e4 c5 2.Nf3 Nc6 3.d4 cxd4 4.Nxd4 Qb6 5.Nb3 Nf6 6.Nc3 e6 7.Bd3 a6 8.O-O Be7
9.a4 O-O 10.a5 Qc7 11.Be3 d5 12.exd5 exd5 13.Bb6 Qf4 14.Ne2 Qh4 15.Bc7 Nb4
16.Nbd4 Nxd3 17.Qxd3 Qe4 18.Nf4 Bc5 19.Nb3 Ba7 20.Rfe1 Qc4 21.Qxc4 dxc4 22.Nd2 g5
23.Ne2 Be6 24.Nc3 Rac8 25.Bg3 Nh5 26.Be5 f5 27.Nf3 h6 28.Bd4 Bxd4 29.Nxd4 Bd7
30.Nd5 Rce8 31.Nb6 Bb5 32.Rxe8 Rxe8 33.Nxf5 Re2 34.Ne3 Nf6 35.Rc1 Ne4 36.Nexc4 g4
37.b3 h5 38.Ne5 Nxf2 39.c4 Bc6 40.Nxc6 bxc6 41.Kf1 Ra2 42.Na4 Ne4 43.Nc3 Nxc3
44.Rxc3 Rxa5 45.Kf2 Kf7 46.Kg3 Ra2 47.Rd3 Kf6 48.h3 gxh3 49.Kxh3 Rb2 50.g3 Kf5
51.Rd6 Rxb3 52.Rxc6 Rc3 53.Rc5+ Kg6 54.Kh4 Rc1 55.Rg5+ Kf6 56.Kxh5 Rxc4 57.Rg6+ Kf7
58.Rxa6 Rc5+ 59.Kh4 Kg7 60.g4 Rc1 61.Kh5 Rh1+ 62.Kg5 Rg1 63.Ra7+ Kg8 64.Kh5 Rg2
65.g5 Rb2 66.Kh6 Rb1 67.Ra8+ Kf7 68.g6+ Kf6 69.Rf8+ Ke7 70.Kg7 Rg1 71.Rf4 Ke6
72.Kh7 Ke5 73.Rf3 Rh1+ 74.Kg8 Ke6 75.g7 Ra1 76.Rh3 Kf6 77.Kh8  1-0

[Event "65th ch-GEO w"]
[Site "Tbilisi GEO"]
[Date "2008.03.09"]
[Round "10"]
[White "Khukhashvili,S"]
[Black "Khurtsidze,N"]
[Result "1/2-1/2"]
[WhiteElo "2387"]
[BlackElo "2441"]

1.e4 c5 2.Nf3 Nc6 3.d4 cxd4 4.Nxd4 Qb6 5.Nb3 Nf6 6.Nc3 e6 7.Bd3 a6 8.Be3 Qc7
9.f4 d6 10.Qf3 Be7 11.O-O O-O 12.Rae1 b5 13.g4 Bb7 14.Qh3 Nb4 15.Rc1 Rfc8
16.g5 Nd7 17.f5 exf5 18.exf5 Bf8 19.g6 Nf6 20.Ne4 Bxe4 21.Bxe4 d5 22.Bg2 Qd7
23.c3 Nxa2 24.Rcd1 hxg6 25.Bd4 b4 26.Ra1 Nxc3 27.bxc3 bxc3 28.fxg6 Qxh3 29.Bxh3 Rcb8
30.gxf7+ Kxf7 31.Na5 Rb5 32.Bxc3 Bc5+ 33.Kh1 Rh8 34.Bg2 Bd6 35.h3 Rc8 36.Be1 Rcc5
37.Rf3 Be5 38.Rd1 Rxa5 39.Bxa5 Rxa5 40.Rb3 Rc5 41.Rb7+ Kg6 42.Rb6 a5 43.Bxd5 a4
44.Ra6 a3 45.Be6 Bb2 46.Rd3 Kh7 47.Rdxa3  1/2-1/2

[Event "TCh-AUT 1st Bundesliga 2007-8"]
[Site "Graz AUT"]
[Date "2008.03.13"]
[Round "8"]
[White "Kreisl,R"]
[Black "Lazarev,V"]
[Result "1/2-1/2"]
[WhiteElo "2322"]
[BlackElo "2488"]

1.e4 c5 2.Nf3 Nc6 3.d4 cxd4 4.Nxd4 Qc7 5.Nc3 e6 6.Be3 a6 7.Qd2 Nf6 8.O-O-O Be7
9.f3 O-O 10.g4 b5 11.Kb1 Bb7 12.g5 Ne8 13.Nxc6 dxc6 14.Qd7 Rd8 15.Qxc7 Rxd1+
16.Nxd1 Nxc7 17.Nf2 c5 18.Nd3 c4  1/2-1/2

[Event "ch-UKR Boys u20"]
[Site "Odessa UKR"]
[Date "2008.03.13"]
[Round "9"]
[White "Kravtsiv,M"]
[Black "Kovalenko,I"]
[Result "1-0"]
[WhiteElo "2516"]
[BlackElo "2450"]

1.e4 c5 2.Nf3 Nc6 3.d4 cxd4 4.Nxd4 Qb6 5.Nb3 Nf6 6.Nc3 e6 7.Bd3 Qc7 8.f4 d6
9.Qf3 a6 10.Be3 Nd7 11.Qg3 b5 12.f5 Nde5 13.fxe6 fxe6 14.Nd4 Nxd4 15.Bxd4 Bb7
16.Qh3 Qf7 17.Be2 O-O-O 18.Rf1 Qd7 19.O-O-O Nc6 20.Nd5 Kb8 21.Bg4 Nxd4 22.Rxd4 Bc8
23.Nf4 Qa7 24.Rd3 e5 25.Nd5 Be7 26.a3 Rhf8 27.Rxf8 Bxf8 28.Kb1 Qg1+ 29.Ka2 Qf2
30.Bxc8 Rxc8 31.Nb4 Qf7+ 32.Rd5 Qb7 33.Qb3 Ka7 34.Qe3+ Qb6 35.Qf3 Be7 36.Rd3 Bf6
37.Nd5 Qd8 38.Qf2+ Kb7 39.Rf3 Rc4 40.b3 Rxe4 41.Rc3 Rd4 42.Qf5 e4 43.Qe6 Kb8
44.Rc6 Be5 45.Rb6+ Ka8 46.Qf7 Qc8 47.Nc7+ Ka7 48.Rc6 Qb7 49.Nxb5+ axb5 50.Rc7 Qxc7
51.Qxc7+ Ka6 52.b4 Rd2 53.Qc6+ Ka7 54.Qxe4 Rd1 55.c3 Kb6 56.Kb3 h6 57.Qe3+ Ka6
58.Qf3 Rc1 59.Qc6+ Ka7 60.Qc7+ Ka6 61.Qa5+ Kb7 62.Qxb5+ Kc7 63.Qc4+  1-0

[Event "Romanian Young Int"]
[Site "Bucharest ROM"]
[Date "2008.03.19"]
[Round "6"]
[White "Ogleznev,A"]
[Black "Carmaciu,L"]
[Result "1/2-1/2"]
[WhiteElo "2300"]
[BlackElo "2424"]

1.e4 c5 2.Nf3 Nc6 3.d4 cxd4 4.Nxd4 Qb6 5.Nb3 Nf6 6.Nc3 e6 7.Be3 Qc7 8.Bd3 a6
9.f4 d6 10.O-O Be7 11.Qf3 O-O 12.Rae1 b5 13.g4 Nb4 14.g5 Nd7 15.Qh5 Nxd3
16.cxd3 b4 17.Nd1 f5 18.Rf3 g6 19.Qh6 fxe4 20.dxe4 Rf7 21.Nf2 Bf8 22.Qh4 Bb7
23.Rh3 Re8 24.Rc1 Qd8 25.Nd4 e5 26.Nc6 Qa8 27.Nxb4 exf4 28.Bxf4 Bxe4 29.Nbd3 Bf5
30.Re3 Rxe3 31.Bxe3 Qf3 32.Qg3 Qe2 33.Re1 Qc2 34.Bd4 Qc4 35.Bc3 Qxa2 36.Ne4 Qd5
37.Nf4 Qc6 38.Nf6+ Nxf6 39.Bxf6 d5 40.Nd3 Be4 41.Rc1 Qb5 42.Rc3 d4 43.Bxd4 Qf5
44.Nf2 Bb7 45.Rd3 Bc6 46.Bf6 Rd7 47.Qe5 Qxe5 48.Bxe5 Bc5 49.Rxd7 Bxd7 50.Kg2 Kf7
51.Nd3 Be7 52.h4 Ke6 53.Bc7 Bb5 54.Nf2 Bc5 55.Ng4 Bd4 56.b4 Bc3 57.Ba5 Kf5
58.Ne3+ Ke4 59.Ng4 Kf4 60.Nf6 Bc6+ 61.Kh2 h6 62.b5 Bxa5 63.bxc6 hxg5 64.hxg5 Kxg5
65.Nd5 Kf5 66.c7 Bxc7+ 67.Nxc7 a5 68.Nb5 a4 69.Kg3 Ke6 70.Kg4 Kd7 71.Kg5 Kc6
72.Na3 Kc5 73.Kxg6 Kb4 74.Nc2+ Kc3 75.Na3 Kb3 76.Nb5  1/2-1/2